LEADER 01270nam0 22002771i 450 001 UON00021118 005 20231205102019.349 100 $a20020107d1948 |0itac50 ba 101 $aita 102 $aIT 105 $a||||Y ||||| 200 1 $aCarte geografiche a stampa di particolare pregio o raritą$edei secoli XVI e XVII Esistenti nella Biblioteca Apostolica Vaticana$fRoberto Almagią 210 $aCittą del Vaticano$cBiblioteca Apostolica Vaticana$d1948 215 $a130 p.$d42 cm$e11 tav. 316 $amgS$5IT-UONSI ATLIII/042 410 1$1001UON00021089$12001 $aMonumenta Cartographica Vaticana$vvol.II 620 $dVaticano, Cittą del$3UONL003150 686 $aATL III$cATLANTI E RACCOLTE STORICHE$2A 700 1$aAlmagią$bRoberto$3UONV007344$04190 712 $aBiblioteca Apostolica Vaticana$3UONV246918$4650 801 $aIT$bSOL$c20260313$gRICA 899 $aSIBA - SISTEMA BIBLIOTECARIO DI ATENEO E ARCHIVIO STORICO$2UONSI 912 $aUON00021118 950 $aSIBA - SISTEMA BIBLIOTECARIO DI ATENEO E ARCHIVIO STORICO$dSI ATL III 042 $eSI SA 43181 7 042 mgS 996 $aCarte geografiche a stampa di particolare pregio o raritą$91196731 997 $aUNIOR